00299nam a2200121Ia 4500008004100000041001200041082001100053100001700064245006900081260000600150650000600156700001500162221030s9999 xx 000 0 und d aEnglish a105.23 aC. S. Rangan 0aInstrumentation Devices and Systemscby C. S. Rangan, G.R. Sarma c0 aB aG.R. Sarma